[Buchhester, Dörthe: Die Familie der Fürstin]

Titel: [Buchhester, Dörthe: Die Familie der Fürstin] / Monika Schneikart
Verfasser:
In: Baltische Studien, Band 102 (2016), Seite 231-235
alle Artikel anzeigen
Veröffentlicht: 2016
Format: Aufsatz
Sprache: Deutsch
Schlagworte:
Kein Bild verfügbar
X
alg: 42866918
001A    $03025:23-04-18 
001B    $03025:27-04-23 $t14:59:23.000 
001C    $03025:23-04-18 $t08:44:06.000 
001D    $03025:23-04-18 
001U    $0utf8 
001X    $00 
002@    $0Aou 
002C    $aText $btxt $2rdacontent 
002D    $aohne Hilfsmittel zu benutzen $bn $2rdamedia 
002E    $aBand $bnc $2rdacarrier 
003@    $0428669182 
007A    $0428669182 $aHEB 
010@    $ager 
010E    $erda 
011@    $a2016 
013D    $#Newspapers Sections, columns, etc. Reviews $#Book reviewing $#Journaux Cahiers, chroniques, etc. Comptes rendus $#Livres Recension $#Rezension $#Buchbesprechung $#Buchrezension $#Buchkritik $74049712-4 $8Rezension [Ts1] $9085138568 
021A    $a[Buchhester, Dörthe: Die Familie der Fürstin] $hMonika Schneikart 
028A    $BVerfasser $4aut $71133378900 $8Schneikart, Monika$Z1954- [Tp3] $9403948428 
031A    $d102 $h231-235 $j2016 
039B    $aEnthalten in $8--Abvc--. Baltische Studien. - Kiel : Ludwig, 1832-. - ISSN 0067-3099 $x201600001020000769 $9047264489 
039T    $aRezension von $8--Aau--Buchhester, Dörthe$Z1976- [Tp3]. Die @Familie der Fürstin. - Frankfurt am Main : Lang-Ed., 2015. - 341 S.. - Ill.. - ISBN 3-631-66083-9 $9362077584 
045F    $a900.943816 $eDDC23BSB 
045F/01 $a900 
045F/03 $g43816 
045T    $aAVL $qDE-30 $2FID 

lok: 42866918 78

exp: 42866918 78 1 #EPN
201B/01 $023-04-18 $t08:44:06.000 
201C/01 $023-04-18 
201U/01 $0utf8 
203@/01 $01021360910 
208@/01 $a23-04-18 $be 
209A/01 $a/ $f000 $x00 
209A/01 $ab*p $x01 
220C/01 $awma 
244Z/01 $#Pommern $#Pommern $#Herzogtum Pommern $#Herzogthum Pommern $#Provinz Pommern $#Pomorze $74046744-2 $8--Tg1--Pommern $x06 $9085130354 
247C/01 $82080>Marburg/Lahn, Herder-Institut, Forschungsbibliothek, Bibliographieportal $9336309341
LEADER 00000caa a2200000 c 4500
001 428669182
003 DE-603
005 20230427145923.0
007 tu
008 180423s2016 xx |||| | u00||u|ger c
035 |a (DE-599)HEB428669182 
040 |a DE-603  |b ger  |c DE-603  |d DE-603  |e rda 
041 |a ger 
082 0 4 |8 1\u  |a 900.943816  |q DE-101  |2 23/BSB 
084 |a AVL  |q DE-30  |2 fid 
085 |8 1\u  |b 900 
085 |8 1\u  |z 2  |s 43816 
100 1 |a Schneikart, Monika  |d 1954-  |e Verfasser  |4 aut  |0 (DE-603)403948428  |0 (DE-588)1133378900  |2 gnd 
245 0 0 |a [Buchhester, Dörthe: Die Familie der Fürstin]  |c Monika Schneikart 
264 0 |c 2016 
336 |a Text  |b txt  |2 rdacontent 
337 |a ohne Hilfsmittel zu benutzen  |b n  |2 rdamedia 
338 |a Band  |b nc  |2 rdacarrier 
655 7 |a Rezension  |2 gnd-content  |0 (DE-588)4049712-4  |0 (DE-603)085138568 
773 0 8 |i Enthalten in  |t Baltische Studien  |d Kiel : Ludwig, 1832-  |h 24 cm  |x 0067-3099  |g Band 102 (2016), Seite 231-235  |w (DE-603)047264489  |w (DE-600)202273-4 
787 0 8 |i Rezension von  |a Buchhester, Dörthe, 1976-  |t ˜Dieœ Familie der Fürstin  |d Frankfurt am Main : Lang-Ed., 2015  |h 341 S., Ill.  |z 3631660839  |z 9783631660836  |w (DE-603)362077584 
924 0 |9 2080  |a (DE-603)1021360910  |b DE-2080  |c HES  |d d  |g /